El síndico concursal y las criptomonedas en el proceso de quiebra (Registro nro. 21285)

Detalles MARC
000 -LEADER
fixed length control field 00355 a2200109 4500
001 - CONTROL NUMBER
control field ART_48579
005 - DATE AND TIME OF LATEST TRANSACTION
control field 20260410161809.0
008 - FIXED-LENGTH DATA ELEMENTS--GENERAL INFORMATION
fixed length control field 260409a
100 1# - MAIN ENTRY--PERSONAL NAME
Personal name Ferro, Carlos A.
245 10 - TITLE STATEMENT
Title El síndico concursal y las criptomonedas en el proceso de quiebra
773 0# - HOST ITEM ENTRY
Title Doctrina Societaria y Concursal
Related parts - N° 376 (mar. 2019)
Record control number REV4298

No hay ítems disponibles.